00806 a2200157 45000010006000000050017000060080041000230030015000640400040000790800109001192450047002282640036002753000019003115050297003301000021006275891920260407155843.0260407a1978 arg spa dAR-UNSa-BCEJYS aAR-UNSa-BCEJYSbspacAR-UNSa-BCEJYS a339.9xEconomía internacional en general. Relaciones económicas internacionales. Economía mundial 10aLa economía internacional del desarrollo 1aBuenos Aires :bEl Ateneoc1978 a148 p.c22 cm. a1. Introducción - 2. Los costos comparativos - 3. Los términos del intercambio - 4. El balance exterior - 5. La ayuda internacional - 6. La inversión privada extranjera - 7. La política comercial - 8. El desarrollo por medio del intercambio - 9. La reforma económica internacional. 1 aMeier, Gerald M.